000
00197 a2200097 4500
001
46773
100
_a
Bush E
245
_a
Gallipoli
260
_a
London
_b
George Allen
_c
090
_c
29867
_d
29867
942
_a
NUST-CAE
_c
M
_c
22076
999
_c
281846
_d
281846